QUEST Central Library Banner

Introduction to civil engineering materials (Record no. 67579)

MARC details
000 -LEADER
fixed length control field 00307nam a22001217a 4500
082 ## - DEWEY DECIMAL CLASSIFICATION NUMBER
Classification number 624
Item number ISM
100 ## - MAIN ENTRY--AUTHOR NAME
Personal name Ismail, M. Abdel Kader
245 ## - TITLE STATEMENT
Title Introduction to civil engineering materials
260 ## - PUBLICATION, DISTRIBUTION, ETC. (IMPRINT)
Place of publication Malaysia, Univer:
Name of publisher Tekonologi
Year of publication 2007.
300 ## - PHYSICAL DESCRIPTION
Number of Pages 778p.
650 ## - SUBJECT ADDED ENTRY--TOPICAL TERM
Topical Term Civil engineering
942 ## - ADDED ENTRY ELEMENTS (KOHA)
Koha item type Books
Holdings
Withdrawn status Lost status Home library Current library Date acquired Full call number Accession Number Koha item type
    Central Library, QUEST, Nawabshah Central Library, QUEST, Nawabshah 23/05/2022 624 ISM D2177 Books

Copyright © 2018,The QUEST, Nawabshah, Shaheed Benazirabad. All rights reserved
Mr. G. Farooq Channar (Librarian) QUEST, Nawabshah, Sindh, Pakistan 67480.
 Ph#: |   0244-9370381-4 Ext. 2308   Email| lib@quest.edu.pk   Web|  http://www.quest.edu.pk